| 000 | 00344nam a2200145Ia 4500 | ||
|---|---|---|---|
| 008 | 230917s9999||||xx |||||||||||||| ||und|| | ||
| 040 |
_e209784 _aMAIN |
||
| 041 | _aEnglish | ||
| 082 | _a340.05 E74E | ||
| 100 | _aLa Haye | ||
| 245 | 0 | _aEuropean yearbook | |
| 260 |
_aLondon _bMartinus Nijhoff _c1980 |
||
| 300 | _axvii, 693 p. | ||
| 942 | _cBK | ||
| 999 |
_c220600 _d220600 |
||